Perturbing magnetic order on the pyrochlore lattice : (Record no. 36861)
[ view plain ]
| 000 -LEADER | |
|---|---|
| fixed length control field | 00762nam a22002297a 4500 |
| 003 - CONTROL NUMBER IDENTIFIER | |
| control field | NISER |
| 005 - DATE AND TIME OF LATEST TRANSACTION | |
| control field | 20260417174658.0 |
| 008 - FIXED-LENGTH DATA ELEMENTS--GENERAL INFORMATION | |
| fixed length control field | 260417b |||||||| |||| 00| 0 hin d |
| 040 ## - CATALOGING SOURCE | |
| Original cataloging agency | NISER LIBRARY |
| Language of cataloging | eng |
| Transcribing agency | NISER LIBRARY |
| 082 04 - DEWEY DECIMAL CLASSIFICATION NUMBER | |
| Classification number | 537.62 |
| Item number | VV-P |
| 100 1# - MAIN ENTRY--PERSONAL NAME | |
| Personal name | V V, Jyothis |
| 245 10 - TITLE STATEMENT | |
| Title | Perturbing magnetic order on the pyrochlore lattice : |
| Remainder of title | effect of anisotropies, fields and magnon interactions |
| 260 ## - PUBLICATION, DISTRIBUTION, ETC. (IMPRINT) | |
| Place of publication, distribution, etc. | Bhubaneswar : |
| Name of publisher, distributor, etc. | NISER, |
| Date of publication, distribution, etc. | 2025. |
| 300 ## - PHYSICAL DESCRIPTION | |
| Extent | xii, 166 pages : |
| Other physical details | illustrations ; |
| Dimensions | 30 cm. |
| 650 #0 - SUBJECT ADDED ENTRY--TOPICAL TERM | |
| Topical term or geographic name as entry element | Pyrochlore lattice |
| 650 #0 - SUBJECT ADDED ENTRY--TOPICAL TERM | |
| Topical term or geographic name as entry element | Magnon bands |
| 650 #0 - SUBJECT ADDED ENTRY--TOPICAL TERM | |
| Topical term or geographic name as entry element | Lattice dynamics |
| 650 #0 - SUBJECT ADDED ENTRY--TOPICAL TERM | |
| Topical term or geographic name as entry element | Magnetic interactions |
| 700 1# - ADDED ENTRY--PERSONAL NAME | |
| Personal name | Chandra, V. Ravi |
| Relator term | Guide |
| 856 ## - ELECTRONIC LOCATION AND ACCESS | |
| Uniform Resource Identifier | <a href="https://idr.niser.ac.in/jspui/handle/123456789/1508">https://idr.niser.ac.in/jspui/handle/123456789/1508</a> |
| 942 ## - ADDED ENTRY ELEMENTS (KOHA) | |
| Source of classification or shelving scheme | Universal Decimal Classification |
| Koha item type | Theses (Ph.D) |
| Withdrawn status | Lost status | Source of classification or shelving scheme | Damaged status | Not for loan | Home library | Current library | Date acquired | Total Checkouts | Full call number | Barcode | Date last seen | Price effective from | Koha item type |
|---|---|---|---|---|---|---|---|---|---|---|---|---|---|
| Universal Decimal Classification | NISER LIBRARY | NISER LIBRARY | 17/04/2026 | 537.62 VV-P | T1031 | 17/04/2026 | 17/04/2026 | Theses (Ph.D) |